Primates by Picture - Statistics

General Stats
  • This quiz has been taken 343 times
    318 since last reset
  • The average score is 11 of 15
Answer Stats
Picture Answer % Correct
Western Gorilla
98%
Chimpanzee
97%
Human
94%
Orangutan
93%
Ring-Tailed Lemur
92%
Baboon
82%
Bonobo
76%
Japanese Macaque
68%
Gibbon
67%
Mandrill
65%
Howler Monkey
55%
Slow Loris
53%
Spider Monkey
52%
Emperor Tamarin
50%
Bohol Tarsier
49%
No matching quizzes found
Score Distribution
Percent of People with Each Score
Percentile by Number Answered
Your Score History
You have not taken this quiz since the last reset